| 000 | 01179nmc a2200397 a 4500 | ||
|---|---|---|---|
| 003 | AR-BaBNM | ||
| 005 | 20251128210035.0 | ||
| 008 | 011101s1998 ||||||||||||||000 | spa|| | ||
| 020 | _a987-9191-22-6 | ||
| 040 | _cAR-BaBNM | ||
| 245 | 1 | 0 |
_aLa escuela que hicimos entre todos _bproyecto para armar : relato de una experiencia institucional |
| 250 | _a1ª ed. | ||
| 260 |
_aBuenos Aires _bEdiciones Novedades Educativas _c1998 |
||
| 300 | 0 | _a141 p. | |
| 490 | 0 | _aGestión institucional | |
| 650 | 4 | _aEXPERIENCIA | |
| 650 | 4 | _aPARTICIPACION DEL DOCENTE | |
| 650 | 4 | _aPARTICIPACION DEL ALUMNO | |
| 650 | 4 | _aPARTICIPACION DE LOS PADRES | |
| 650 | 4 | _aTALLERES | |
| 653 | 0 | _aINSTITUCIONES EDUCATIVAS | |
| 653 | 0 | _aPROYECTO EDUCATIVO INSTITUCIONAL | |
| 653 | 0 | _aEVALUACION INSTITUCIONAL | |
| 653 | 0 | _aACTOS ESCOLARES | |
| 653 | 0 | _aCAPACITACION DOCENTE | |
| 700 | 1 | _aSvarzman, José H. | |
| 700 | 1 | _aEscobar, María Laura | |
| 700 | 1 | _aGonzalez, Beatriz de | |
| 700 | 1 | _aMarsal, Mónica | |
| 700 | 1 | _aOrsi, Hilda | |
| 700 | 1 | _aPetetta, Liliana | |
| 700 | 1 | _aTomé, Marcela B. | |
| 700 | 1 |
_aHarf, Ruth _eprologuista |
|
| 942 | _cBK | ||
| 998 | _cRaquel | ||
| 999 |
_c13804 _d13804 |
||